00919nam a22002417a 4500003000400000005001700004008004100021040000800062082001200070100001600082245008600098260005000184300003300234500002500267600004700292600004400339650004700383650003800430651003700468942002300505952013400528999001500662OSt20251221151834.0251221b |||||||| |||| 00| 0 eng d cDCL a921.9580 aWin, Junior10aA memory of my grandparents / cJunior Win ; with a preface by Dr. KhinMaung Win. aYangon :bYan Aung Publication House, c2015. a189 pages :bPhoto ;c26 cm. aIncludes name index. aKhin Myo Chit, Daw, d1915-1999xBiography aKhin Maung Latt, d1915-1996xBiography aAuthorsy20th century zMyanmarxBiography aJournalists xBiographyzMyanmar  aMyanmarxSocial life and customs 2ddccSHORT TERMn0 00102ddc40708EaDHAMbDHAMcENBSd2025-12-21l0o921.958 Wi 656pEB00000656r2025-12-21 15:19:02w2025-12-21ySHORT TERMA656 c2770d2770